| 000 | 01054cam a2200229 4500 | ||
|---|---|---|---|
| 001 | ABS65523 | ||
| 008 | 020530n2002 000 0 eng u | ||
| 035 | _a(Sirsi) u118236 | ||
| 245 | _aLA stock transfers: 2001-2002: special report | ||
| 260 | _c2002 | ||
| 490 |
_aSocial Housing _v14(5) May 2002, 5-13(7) |
||
| 520 | _aA series of articles looking at different aspects of the transfer of council housing to the private sector. The current LSVT round has seen the total number of transfers rise to 620 000 properties. Looks at LA capital receipts and RSL loan facilities; funders' league table; consultants/directors and the Social Housing LSVT database, containing information on the large scale voluntary transfers (LSVT) carried out since 1988. Tables. | ||
| 590 | _aABS | ||
| 650 | _aCOUNCIL HOUSING | ||
| 650 | _aLOCAL AUTHORITIES | ||
| 650 | _aLARGE SCALE VOLUNTARY TRANSFERS | ||
| 650 | _aSTOCK TRANSFERS | ||
| 650 | _aREGISTERED SOCIAL LANDLORDS | ||
| 650 | _aCAPITAL RECEIPTS | ||
| 690 |
_aAffordable housing _96215 |
||
| 942 | _n0 | ||
| 999 |
_c70400 _d70400 |
||